[Event "FIDE Open World Blitz 2021"]
[Site "Warsaw"]
[Date "2021.12.29"]
[Round "1.1"]
[White "Corrales Jimenez, Fidel"]
[Black "Carlsen, Magnus"]
[Result "0-1"]
[WhiteElo "2523"]
[BlackElo "2855"]
[Annotator "TA"]
[PlyCount "60"]
[EventDate "2021.12.29"]
[EventType "swiss"]
[EventCountry "POL"]
[Tiebreak "Cut1 Buchholz"]
[SourceTitle "playchess.com"]
[Source "ChessBase"]
[SourceQuality "1"]

1. e4 e5 2. Nf3 Nc6 3. d4 exd4 4. Nxd4 Nf6 5. Nxc6 bxc6 6. e5 Qe7 7. Qe2 Nd5 8.
c4 Nb6 9. Nc3 Ba6 10. b3 O-O-O 11. Bb2 Re8 12. f4 f6 13. O-O-O fxe5 14. Qxe5
Qxe5 15. fxe5 Rxe5 16. Bd3 Re3 17. Rhe1 Bc5 18. Kc2 Rxe1 19. Rxe1 d5 20. cxd5
Bxd3+ 21. Kxd3 cxd5 22. Nb5 a6 23. Rc1 Nd7 24. Nc3 Ne5+ 25. Kc2 Rf8 26. Nxd5
Rf2+ 27. Kb1 Nd3 28. Rxc5 Nxc5 29. Bxg7 Rxg2 30. Nc3 Rxg7 0-1

[Event "FIDE Open World Blitz 2021"]
[Site "Warsaw"]
[Date "2021.12.29"]
[Round "1.1"]
[White "Sadzikowski, Daniel"]
[Black "Predke, Alexandr"]
[Result "0-1"]
[WhiteElo "2415"]
[BlackElo "2627"]
[Annotator "ChessBase"]
[PlyCount "153"]
[EventDate "2021.12.29"]
[EventType "swiss"]
[EventCountry "POL"]
[Tiebreak "Cut1 Buchholz"]
[SourceTitle "playchess.com"]
[Source "ChessBase"]
[SourceQuality "1"]

1. Nf3 d5 2. g3 Nf6 3. Bg2 e6 4. O-O Be7 5. c4 O-O 6. d4 Nbd7 7. Qc2 a5 8. Nbd2
c5 9. dxc5 Nxc5 10. b3 Bd7 11. Bb2 Rc8 12. Qb1 b5 13. cxd5 Nxd5 14. Ne5 Bf6 15.
Rd1 Qe7 16. Nxd7 Nxd7 17. Bxd5 exd5 18. Bxf6 Nxf6 19. Qd3 b4 20. Nf3 Rc3 21.
Qd2 Rfc8 22. Nd4 g6 23. Qg5 Kf8 24. Rd3 Ne4 25. Qh6+ Kg8 26. Rad1 Rxd3 27. Rxd3
Nc3 28. Re3 Qf6 29. Rd3 Nxa2 30. Nf3 Nc3 31. Kf1 Re8 32. Rd2 Qg7 33. Qf4 h6 34.
h4 Kh7 35. h5 g5 36. Qf5+ Kg8 37. Qd7 Qf8 38. Nd4 Qe7 39. Qc6 Qe4 40. Kg1 Re5
41. Qxh6 Qh7 42. Qf6 Re8 43. Nf5 Ne4 44. Ne7+ Rxe7 45. Qxe7 Nxd2 46. Qxg5+ Kf8
47. Qxd2 Qxh5 48. Qe3 Kg8 49. f3 Qf5 50. Kf2 Qc2 51. Qg5+ Kf8 52. Qd8+ Kg7 53.
Qxd5 a4 54. Qg5+ Qg6 55. Qe5+ Qf6 56. Qc5 a3 57. Qa5 Qd4+ 58. Kg2 Qe3 59. Kf1
f6 60. Qa4 Kh6 61. g4 Kg5 62. Qb5+ Kf4 63. Qb8+ Qe5 64. Qa7 Qd6 65. Kf2 Ke5 66.
Qa5+ Kd4 67. Qa7+ Kc3 68. Qe3+ Kb2 69. g5 fxg5 70. Qxg5 a2 71. Qg7+ Kxb3 72.
Kg2 Qd1 73. Qf7+ Ka3 74. Qa7+ Kb2 75. Qg7+ Ka3 76. Qh8 b3 77. Qc3 0-1

[Event "FIDE Open World Blitz 2021"]
[Site "Warsaw"]
[Date "2021.12.29"]
[Round "1.2"]
[White "Nakamura, Hikaru"]
[Black "Berchtenbreiter, Maximilian"]
[Result "1/2-1/2"]
[WhiteElo "2736"]
[BlackElo "2506"]
[Annotator "ChessBase"]
[PlyCount "148"]
[EventDate "2021.12.29"]
[EventType "swiss"]
[EventCountry "POL"]
[Tiebreak "Cut1 Buchholz"]
[SourceTitle "playchess.com"]
[Source "ChessBase"]
[SourceQuality "1"]

1. d4 Nf6 2. c4 a6 3. Nc3 c5 4. dxc5 e6 5. e4 Nc6 6. Be3 Qa5 7. Qa4 Qxa4 8.
Nxa4 Nxe4 9. f3 Nf6 10. O-O-O Be7 11. Ne2 O-O 12. Bf4 e5 13. Bg5 Rd8 14. Bxf6
gxf6 15. Nec3 d6 16. Nd5 Kf8 17. cxd6 Rxd6 18. Bd3 Nd4 19. Nab6 Rb8 20. Bxh7
Be6 21. Bd3 Bd8 22. Na4 b5 23. Nac3 Rc8 24. Ne3 f5 25. Kb1 bxc4 26. Bc2 Bg5 27.
Rhe1 Rb8 28. Rd2 Ke7 29. Rf2 Kf6 30. g3 Nb5 31. Nxb5 axb5 32. f4 exf4 33. h4
fxe3 34. hxg5+ Kxg5 35. Rxe3 Rd5 36. b4 cxb3 37. axb3 Rh8 38. Kb2 Rhd8 39. Kc3
Rc8+ 40. Kb4 Rd4+ 41. Ka3 b4+ 42. Kb2 Rc5 43. Ref3 Rcd5 44. Kc1 Rc5 45. Kb2
Rcd5 46. Kc1 Rc5 47. Re3 Kg6 48. Kb2 Kg5 49. Rh2 Kf6 50. Rf3 Kg5 51. Rhf2 Rdd5
52. Rf4 Rb5 53. Rh2 Re5 54. Rg2 Re3 55. Rd4 Kf6 56. Rh4 Kg5 57. Rf4 Rxg3 58.
Rxb4 Rxg2 59. Rxb5 Kf6 60. Kc3 f4 61. Rb4 Ke5 62. Rb5+ Kf6 63. Bd3 f3 64. Ra5
f2 65. Ra4 Ke5 66. Re4+ Kd5 67. Rf4 Ke5 68. Re4+ Kd5 69. Re3 Kd6 70. Rf3 Bd5
71. Rf5 Rg3 72. Rxf2 Be4 73. Rd2 Rxd3+ 74. Rxd3+ Ke5 1/2-1/2

[Event "FIDE Open World Blitz 2021"]
[Site "Warsaw"]
[Date "2021.12.29"]
[Round "1.2"]
[White "Amin, Bassem"]
[Black "Peng, Li Min"]
[Result "1-0"]
[WhiteElo "2617"]
[BlackElo "2412"]
[Annotator "ChessBase"]
[PlyCount "47"]
[EventDate "2021.12.29"]
[EventType "swiss"]
[EventCountry "POL"]
[Tiebreak "Cut1 Buchholz"]
[SourceTitle "playchess.com"]
[Source "ChessBase"]
[SourceQuality "1"]

1. e4 Nc6 2. Nf3 d6 3. d4 Nf6 4. Nc3 g6 5. h3 Bg7 6. Be3 O-O 7. Qd2 a6 8. a4 e5
9. dxe5 dxe5 10. O-O-O Qe7 11. Nd5 Nxd5 12. exd5 Rd8 13. Bc4 b5 14. Bb3 bxa4
15. Bxa4 Nb4 16. Bb3 Rb8 17. Rhe1 Kh8 18. Bg5 f6 19. Nxe5 Qf8 20. d6 Rxd6 21.
Nf7+ Qxf7 22. Bxf7 fxg5 23. Re8+ Bf8 24. Qc3+ 1-0

[Event "FIDE Open World Blitz 2021"]
[Site "Warsaw"]
[Date "2021.12.29"]
[Round "1.3"]
[White "Najer, Evgeniy"]
[Black "Artemiev, Vladislav"]
[Result "1/2-1/2"]
[WhiteElo "2654"]
[BlackElo "2699"]
[Annotator "ChessBase"]
[PlyCount "98"]
[EventDate "2021.12.29"]
[EventType "swiss"]
[EventCountry "POL"]
[Tiebreak "Cut1 Buchholz"]
[SourceTitle "playchess.com"]
[Source "ChessBase"]
[SourceQuality "1"]

1. e4 e5 2. Nf3 Nc6 3. d4 exd4 4. Nxd4 Bc5 5. Be3 Qf6 6. c3 Nge7 7. Bc4 Ne5 8.
Be2 d6 9. f4 Ng4 10. Bxg4 Qh4+ 11. Bf2 Qxg4 12. Qxg4 Bxg4 13. f5 Bxd4 14. cxd4
f6 15. Nc3 Bh5 16. d5 g6 17. O-O gxf5 18. exf5 Bf7 19. Bd4 Nxd5 20. Ne4 Kd7 21.
Nxf6+ Nxf6 22. Bxf6 Rhe8 23. Rfe1 c5 24. Kf2 h5 25. h3 d5 26. g4 hxg4 27. hxg4
d4 28. g5 Bd5 29. Kg3 d3 30. Kf4 d2 31. Rxe8 Rxe8 32. Be5 Rxe5 33. Kxe5 Bf3 34.
g6 Ke8 35. f6 d1=Q 36. Rxd1 Bxd1 37. Kd6 Bc2 38. g7 Kf7 39. Kxc5 Bh7 40. Kd6
Kxf6 41. Kc7 b5 42. Kb7 Kxg7 43. Kxa7 Kf6 44. Kb6 Bd3 45. Kc5 Ke5 46. b3 Ke6
47. Kb4 Kd5 48. a4 bxa4 49. bxa4 Ke5 1/2-1/2

[Event "FIDE Open World Blitz 2021"]
[Site "Warsaw"]
[Date "2021.12.29"]
[Round "1.3"]
[White "Dragnev, Valentin"]
[Black "Movsesian, Sergei"]
[Result "0-1"]
[WhiteElo "2396"]
[BlackElo "2615"]
[Annotator "ChessBase"]
[PlyCount "64"]
[EventDate "2021.12.29"]
[EventType "swiss"]
[EventCountry "POL"]
[Tiebreak "Cut1 Buchholz"]
[SourceTitle "playchess.com"]
[Source "ChessBase"]
[SourceQuality "1"]

1. e4 Nf6 2. e5 Nd5 3. d4 d6 4. c4 Nb6 5. f4 g6 6. Nc3 Bg7 7. Be3 Be6 8. b3 O-O
9. Be2 Na6 10. Nf3 c5 11. O-O Bg4 12. dxc5 Nxc5 13. Rc1 Rc8 14. exd6 exd6 15.
h3 Re8 16. Bd4 Bxf3 17. Bxf3 Qe7 18. Bxg7 Kxg7 19. Qd4+ f6 20. Rcd1 Rcd8 21.
Kh2 Qf7 22. Nb5 Nc8 23. Rf2 a6 24. Nc3 Ne7 25. Rfd2 Nf5 26. Qf2 h5 27. b4 Qxc4
28. bxc5 Qxc3 29. cxd6 Qb4 30. d7 Re7 31. Be2 Ne3 32. Rc1 Qxd2 0-1

[Event "FIDE Open World Blitz 2021"]
[Site "Warsaw"]
[Date "2021.12.29"]
[Round "1.4"]
[White "Firouzja, Alireza"]
[Black "Gareyev, Timur"]
[Result "0-1"]
[WhiteElo "2770"]
[BlackElo "2583"]
[Annotator "TA"]
[PlyCount "112"]
[EventDate "2021.12.29"]
[EventType "swiss"]
[EventCountry "POL"]
[Tiebreak "Cut1 Buchholz"]
[SourceTitle "playchess.com"]
[Source "ChessBase"]
[SourceQuality "1"]

1. d4 Nf6 2. Bg5 c5 3. d5 g6 4. Nc3 Bg7 5. e4 d6 6. Nf3 O-O 7. Nd2 h6 8. Bh4
Nh5 9. Be2 Nf4 10. Bf3 Qb6 11. Rb1 e5 12. a4 Qc7 13. Nb5 Qd7 14. h3 a6 15. Nc3
b5 16. Ra1 b4 17. Ne2 a5 18. Nc4 Qc7 19. Bg3 Ba6 20. Ne3 Nd7 21. O-O h5 22. Re1
Bh6 23. Nc1 c4 24. Bh2 Nc5 25. h4 b3 26. cxb3 cxb3 27. Bxf4 exf4 28. Nf1 Bg7
29. e5 Bxe5 30. Rxe5 dxe5 31. d6 Qb6 32. Bxa8 Rxa8 33. Ra3 Bc4 34. Nd2 Qxd6 35.
Qe1 Qd4 36. Ncxb3 Bxb3 37. Nxb3 Qxb2 38. Qa1 Qxa1+ 39. Nxa1 Rb8 40. Nc2 Rb2 41.
Rc3 Nxa4 42. Rc8+ Kg7 43. Na3 Nb6 44. Rc5 a4 45. Ra5 Kf6 46. Ra6 Kf5 47. f3 f6
48. Ra5 g5 49. hxg5 fxg5 50. Nb5 g4 51. Nd6+ Ke6 52. Ne4 g3 53. Kf1 Nc4 54.
Ra6+ Kd5 55. Ke1 Rxg2 56. Rxa4 Rb2 0-1

[Event "FIDE Open World Blitz 2021"]
[Site "Warsaw"]
[Date "2021.12.29"]
[Round "1.4"]
[White "Sychev, Klementy"]
[Black "Gumularz, Szymon"]
[Result "1-0"]
[WhiteElo "2615"]
[BlackElo "2396"]
[Annotator "ChessBase"]
[PlyCount "41"]
[EventDate "2021.12.29"]
[EventType "swiss"]
[EventCountry "POL"]
[Tiebreak "Cut1 Buchholz"]
[SourceTitle "playchess.com"]
[Source "ChessBase"]
[SourceQuality "1"]

1. d4 e6 2. c4 b6 3. e4 Bb4+ 4. Bd2 Bxd2+ 5. Qxd2 d5 6. Qe3 Ne7 7. Nf3 O-O 8.
Bd3 Nbc6 9. Nc3 Nb4 10. O-O Nxd3 11. Qxd3 Ba6 12. b3 c5 13. exd5 exd5 14. Rad1
dxc4 15. bxc4 cxd4 16. Nxd4 Qd7 17. Rfe1 Rfc8 18. Qe4 Ng6 19. Ndb5 Qc6 20. Rd8+
Nf8 21. Qxc6 1-0

[Event "FIDE Open World Blitz 2021"]
[Site "Warsaw"]
[Date "2021.12.29"]
[Round "1.5"]
[White "Volokitin, Andrei"]
[Black "Caruana, Fabiano"]
[Result "1/2-1/2"]
[WhiteElo "2656"]
[BlackElo "2791"]
[Annotator "TA"]
[PlyCount "77"]
[EventDate "2021.12.29"]
[EventType "swiss"]
[EventCountry "POL"]
[Tiebreak "Cut1 Buchholz"]
[SourceTitle "playchess.com"]
[Source "ChessBase"]
[SourceQuality "1"]

1. e4 e5 2. Nf3 Nc6 3. Bc4 Nf6 4. d3 h6 5. c3 Bc5 6. O-O d6 7. Re1 O-O 8. h3
Bb6 9. Nbd2 Ne7 10. Bb3 Ng6 11. Nc4 Be6 12. Bc2 Bxc4 13. dxc4 Nh5 14. b4 Qf6
15. a4 a5 16. Ba3 Nhf4 17. c5 dxc5 18. bxc5 Rad8 19. Qc1 Ba7 20. Qe3 b6 21.
Rad1 bxc5 22. Bb3 Bb6 23. Bc4 Rd6 24. Kh2 Rfd8 25. Rxd6 cxd6 26. g3 d5 27. exd5
Nxd5 28. Bxd5 Rxd5 29. Kg2 Qd6 30. Qe4 Qd7 31. c4 Rd3 32. Bb2 Bc7 33. Nxe5 Bxe5
34. Bxe5 Nxe5 35. Qxe5 Qc6+ 36. Qe4 Qxe4+ 37. Rxe4 Rc3 38. Re8+ Kh7 39. Ra8
1/2-1/2

[Event "FIDE Open World Blitz 2021"]
[Site "Warsaw"]
[Date "2021.12.29"]
[Round "1.5"]
[White "Faizrakhmanov, Ramil"]
[Black "Harikrishna, Pentala"]
[Result "1-0"]
[WhiteElo "2396"]
[BlackElo "2614"]
[Annotator "ChessBase"]
[PlyCount "192"]
[EventDate "2021.12.29"]
[EventType "swiss"]
[EventCountry "POL"]
[Tiebreak "Cut1 Buchholz"]
[SourceTitle "playchess.com"]
[Source "ChessBase"]
[SourceQuality "1"]

1. d4 Nf6 2. c4 e6 3. Nf3 d5 4. Nc3 Bb4 5. Qa4+ Nc6 6. e3 O-O 7. Qc2 Re8 8. a3
Bf8 9. Be2 e5 10. dxe5 Nxe5 11. cxd5 Nxd5 12. O-O Nxc3 13. bxc3 Nxf3+ 14. Bxf3
c6 15. c4 Qf6 16. Bb2 Qg6 17. Qxg6 hxg6 18. Bd4 Bd7 19. c5 Rad8 20. Rab1 Bc8
21. h3 Be7 22. Rfd1 Kf8 23. Rb2 Bf6 24. Rbd2 Bxd4 25. exd4 Re7 26. d5 cxd5 27.
Rxd5 Rxd5 28. Rxd5 Rc7 29. Kf1 Ke7 30. Ke1 Bd7 31. Re5+ Kf8 32. Kd2 f6 33. Rd5
Ke7 34. Rd3 Bc6 35. Bxc6 Rxc6 36. Rb3 Rc7 37. Ke3 Rd7 38. h4 Ke6 39. Ke4 Ke7
40. Rg3 Kf7 41. Rc3 Rc7 42. Kd5 Rd7+ 43. Ke4 Rc7 44. Kd5 Ke7 45. c6 bxc6+ 46.
Rxc6 Rd7+ 47. Ke4 Rd2 48. Rc7+ Ke6 49. Ke3 Rb2 50. Rxa7 Kf5 51. g3 Rb3+ 52. Ke2
Rb2+ 53. Kf3 Rb3+ 54. Kg2 Rc3 55. a4 Ra3 56. a5 g5 57. hxg5 fxg5 58. a6 g4 59.
Ra8 Ra1 60. a7 Kg6 61. Kh2 Kh7 62. Rf8 Rxa7 63. Rf4 Ra2 64. Kg2 Kg6 65. Rxg4+
Kf7 66. Rb4 g5 67. Rb3 Kg6 68. Rb5 Rc2 69. g4 Ra2 70. Kg3 Ra3+ 71. f3 Ra2 72.
Rb6+ Kg7 73. Re6 Kf7 74. Re1 Kg6 75. Rf1 Kf6 76. Rf2 Ra1 77. Rb2 Ra3 78. Kf2
Rc3 79. Re2 Ra3 80. Rd2 Rb3 81. Ke2 Ra3 82. Rd3 Ra1 83. Ke3 Ke5 84. Rb3 Kf6 85.
Rb6+ Kf7 86. Rd6 Re1+ 87. Kd4 Re2 88. Rd5 Kf6 89. Ra5 Rd2+ 90. Ke3 Rd1 91. Ra6+
Kf7 92. Ke4 Rb1 93. Rd6 Rb4+ 94. Rd4 Rb3 95. Rd3 Rb5 96. Rd5 Rb4+ 1-0

[Event "FIDE Open World Blitz 2021"]
[Site "Warsaw"]
[Date "2021.12.29"]
[Round "1.6"]
[White "Duda, Jan-Krzysztof"]
[Black "Chigaev, Maksim"]
[Result "1-0"]
[WhiteElo "2756"]
[BlackElo "2626"]
[Annotator "TA"]
[PlyCount "77"]
[EventDate "2021.12.29"]
[EventType "swiss"]
[EventCountry "POL"]
[Tiebreak "Cut1 Buchholz"]
[SourceTitle "playchess.com"]
[Source "ChessBase"]
[SourceQuality "1"]

1. c4 g6 2. d4 Nf6 3. Nc3 Bg7 4. e4 d6 5. Nf3 O-O 6. Be2 e5 7. O-O exd4 8. Nxd4
Re8 9. f3 c6 10. Kh1 d5 11. cxd5 cxd5 12. Bg5 Nc6 13. Nxc6 bxc6 14. exd5 cxd5
15. Bb5 Re6 16. Bc4 Bb7 17. Bb3 Re5 18. Bf4 Rf5 19. Be3 Rh5 20. Ne2 Ba6 21. Re1
Rc8 22. Bxa7 Qc7 23. Bg1 Qb8 24. Rc1 Rd8 25. Nd4 Bb7 26. Qd2 Bh6 27. Qb4 Bf4
28. h3 Bxc1 29. Rxc1 Qf4 30. Rc2 Bc8 31. Qd2 Qh4 32. Qf2 Qxf2 33. Bxf2 Bd7 34.
Bg3 Rc8 35. Rxc8+ Bxc8 36. a4 Ba6 37. Bc2 Ne8 38. b4 Rg5 39. Bf4 1-0

[Event "FIDE Open World Blitz 2021"]
[Site "Warsaw"]
[Date "2021.12.29"]
[Round "1.6"]
[White "Matlakov, Maxim"]
[Black "Asadli, Vugar"]
[Result "1-0"]
[WhiteElo "2614"]
[BlackElo "2386"]
[Annotator "ChessBase"]
[PlyCount "79"]
[EventDate "2021.12.29"]
[EventType "swiss"]
[EventCountry "POL"]
[Tiebreak "Cut1 Buchholz"]
[SourceTitle "playchess.com"]
[Source "ChessBase"]
[SourceQuality "1"]

1. d4 d5 2. c4 e6 3. Nf3 Nf6 4. g3 dxc4 5. Bg2 Bb4+ 6. Bd2 a5 7. O-O O-O 8. e3
b5 9. Ne5 Ra6 10. a4 Bxd2 11. Qxd2 b4 12. Rc1 Nfd7 13. Nxc4 c5 14. d5 exd5 15.
Qxd5 Qe7 16. Nbd2 Nf6 17. Qe5 Be6 18. Nb3 Nbd7 19. Qf4 Nd5 20. Qh4 Qxh4 21.
gxh4 N5b6 22. Nbxa5 Nxc4 23. Nxc4 Bxc4 24. Rxc4 Ra5 25. Rac1 h6 26. b3 Rc8 27.
Bh3 Rc7 28. Rxb4 cxb4 29. Rxc7 Nc5 30. Bf5 g6 31. Bc2 Ne6 32. Rc4 Rd5 33. Rxb4
Rd2 34. Rc4 g5 35. hxg5 Nxg5 36. Kg2 h5 37. h4 Ne6 38. a5 Rd5 39. a6 Ra5 40.
Ra4 1-0

[Event "FIDE Open World Blitz 2021"]
[Site "Warsaw"]
[Date "2021.12.29"]
[Round "1.7"]
[White "Ponkratov, Pavel"]
[Black "Nepomniachtchi, Ian"]
[Result "1/2-1/2"]
[WhiteElo "2662"]
[BlackElo "2782"]
[Annotator "TA"]
[PlyCount "87"]
[EventDate "2021.12.29"]
[EventType "swiss"]
[EventCountry "POL"]
[Tiebreak "Cut1 Buchholz"]
[SourceTitle "playchess.com"]
[Source "ChessBase"]
[SourceQuality "1"]

1. e4 e5 2. Nc3 Nf6 3. f4 d5 4. fxe5 Nxe4 5. Qf3 Nxc3 6. dxc3 Nc6 7. Bf4 Qh4+
8. g3 Qg4 9. Qxd5 Be6 10. Qd1 Be7 11. Be2 Qg6 12. Bd3 Bf5 13. Qe2 O-O-O 14.
O-O-O Bxd3 15. cxd3 Qe6 16. Kb1 g5 17. Bc1 Qxe5 18. Qxe5 Nxe5 19. d4 h5 20. Rf1
Nd3 21. Bd2 h4 22. gxh4 Rxh4 23. Rxf7 Re4 24. Nf3 g4 25. Kc2 Nxb2 26. Kxb2 gxf3
27. Rxf3 Re2 28. Kc1 c5 29. Re3 Rxe3 30. Bxe3 Rh8 31. dxc5 Rh3 32. Bd4 Bg5+ 33.
Kc2 Bf4 34. Rf1 Bxh2 35. Rf7 a6 36. Kb3 Bc7 37. Kc4 Rh5 38. Rf6 Kd7 39. Rf7+
Kc6 40. Rf6+ Kd7 41. Rg6 Rf5 42. a4 Rh5 43. Rg1 Kc6 44. Rg6+ 1/2-1/2

[Event "FIDE Open World Blitz 2021"]
[Site "Warsaw"]
[Date "2021.12.29"]
[Round "1.7"]
[White "Lima, Darcy"]
[Black "Vokhidov, Shamsiddin"]
[Result "0-1"]
[WhiteElo "2379"]
[BlackElo "2613"]
[Annotator "ChessBase"]
[PlyCount "49"]
[EventDate "2021.12.29"]
[EventType "swiss"]
[EventCountry "POL"]
[Tiebreak "Cut1 Buchholz"]
[SourceTitle "playchess.com"]
[Source "ChessBase"]
[SourceQuality "1"]

1. e4 c5 2. Nf3 d6 3. c4 e5 4. Nc3 Nc6 5. a3 f5 6. d3 Nf6 7. g3 Be7 8. Bh3 fxe4
9. Bxc8 Qxc8 10. dxe4 O-O 11. O-O Nd4 12. Nxd4 exd4 13. Nd5 Nxd5 14. exd5 Qf5
15. Bd2 b5 16. Qb3 a6 17. Rae1 Bg5 18. f4 Bf6 19. Re6 Rad8 20. Rfe1 h5 21. cxb5
axb5 22. Qf3 d3 23. b3 c4 24. Bb4 c3 25. Kf2 0-1

[Event "FIDE Open World Blitz 2021"]
[Site "Warsaw"]
[Date "2021.12.29"]
[Round "1.8"]
[White "Vachier-Lagrave, Maxime"]
[Black "Krasenkow, Michal"]
[Result "1-0"]
[WhiteElo "2766"]
[BlackElo "2576"]
[Annotator "TA"]
[PlyCount "119"]
[EventDate "2021.12.29"]
[EventType "swiss"]
[EventCountry "POL"]
[Tiebreak "Cut1 Buchholz"]
[SourceTitle "playchess.com"]
[Source "ChessBase"]
[SourceQuality "1"]

1. e4 e5 2. Nf3 Nf6 3. d4 exd4 4. e5 Ne4 5. Qxd4 d5 6. exd6 Nxd6 7. Bd3 Nc6 8.
Qf4 g6 9. O-O Bg7 10. Re1+ Be6 11. Nc3 O-O 12. Be3 Qf6 13. Qa4 h6 14. Rad1 Rfd8
15. Bc5 Bf8 16. Bf1 a6 17. Qh4 Qxh4 18. Nxh4 Nf5 19. Bxf8 Kxf8 20. Nf3 Nb4 21.
Rc1 c5 22. a3 Nc6 23. Na4 Ncd4 24. Nxd4 cxd4 25. Nb6 Rab8 26. Bd3 Rd6 27. Nc4
Rc6 28. Ne5 Rb6 29. Bc4 Rd8 30. Nxg6+ fxg6 31. Rxe6 Rxe6 32. Bxe6 Rd6 33. Bc4
Ne7 34. Rd1 Nc6 35. f4 Ke7 36. Re1+ Kf6 37. Bd3 Ne7 38. Re4 Nf5 39. Kf2 Ne3 40.
Kf3 g5 41. fxg5+ hxg5 42. h4 g4+ 43. Kg3 Rd5 44. Rf4+ Ke5 45. c3 Nd1 46. cxd4+
Rxd4 47. Rxd4 Kxd4 48. h5 Ke5 49. h6 Kf6 50. b4 Ne3 51. Be4 b6 52. Kf4 Nc4 53.
Kxg4 Nxa3 54. Kh5 Nc4 55. g4 Ne5 56. g5+ Kf7 57. g6+ Nxg6 58. Bxg6+ Kg8 59. Bd3
a5 60. b5 1-0

[Event "FIDE Open World Blitz 2021"]
[Site "Warsaw"]
[Date "2021.12.29"]
[Round "1.8"]
[White "Bluebaum, Matthias"]
[Black "Nevednichy, Vladislav"]
[Result "1-0"]
[WhiteElo "2609"]
[BlackElo "2379"]
[Annotator "ChessBase"]
[PlyCount "107"]
[EventDate "2021.12.29"]
[EventType "swiss"]
[EventCountry "POL"]
[Tiebreak "Cut1 Buchholz"]
[SourceTitle "playchess.com"]
[Source "ChessBase"]
[SourceQuality "1"]

1. d4 d6 2. Nf3 Nf6 3. c4 g6 4. Nc3 Bg7 5. e4 O-O 6. Be2 c5 7. O-O Nc6 8. d5
Na5 9. h3 e5 10. a3 b6 11. Ne1 Kh8 12. b4 Nb7 13. Nd3 Ng8 14. bxc5 Nxc5 15.
Nxc5 bxc5 16. Qc2 f5 17. exf5 gxf5 18. f4 e4 19. Be3 Bd4 20. Qd2 Qf6 21. Rac1
a6 22. Rfd1 Bxe3+ 23. Qxe3 Rb8 24. Rb1 Bd7 25. Kf2 Ne7 26. Rxb8 Rxb8 27. Rb1
Rxb1 28. Nxb1 Ng6 29. g3 Qd4 30. Nd2 Ba4 31. Nf1 Kg7 32. Ke1 Qa1+ 33. Kf2 Qd4
34. h4 Ne7 35. g4 Ng6 36. Ng3 Bd7 37. gxf5 Nxh4 38. f6+ Kf8 39. Qxd4 cxd4 40.
Nxe4 Nf5 41. Bg4 d3 42. Bxf5 Bxf5 43. Nxd6 Bg4 44. Ke3 h5 45. Ne4 h4 46. Kxd3
h3 47. Nf2 h2 48. Kd4 Bf3 49. Ke5 Kf7 50. c5 h1=Q 51. Nxh1 Bxh1 52. c6 Ke8 53.
f7+ Kxf7 54. c7 1-0

[Event "FIDE Open World Blitz 2021"]
[Site "Warsaw"]
[Date "2021.12.29"]
[Round "1.9"]
[White "Saric, Ivan"]
[Black "Giri, Anish"]
[Result "1/2-1/2"]
[WhiteElo "2665"]
[BlackElo "2774"]
[Annotator "TA"]
[PlyCount "75"]
[EventDate "2021.12.29"]
[EventType "swiss"]
[EventCountry "POL"]
[Tiebreak "Cut1 Buchholz"]
[SourceTitle "playchess.com"]
[Source "ChessBase"]
[SourceQuality "1"]

1. e4 e5 2. Nf3 Nc6 3. Bb5 Nf6 4. O-O Nxe4 5. d4 Nd6 6. Bxc6 dxc6 7. dxe5 Nf5
8. Qxd8+ Kxd8 9. h3 Ke8 10. Nc3 h5 11. Ne2 Be7 12. Rd1 Nh4 13. Nxh4 Bxh4 14.
Nd4 Be7 15. Bf4 g5 16. Bh2 Rh6 17. Re1 Bd7 18. e6 Bxe6 19. Bxc7 Bd7 20. Re2 Kf8
21. Rae1 Re8 22. Be5 c5 23. Nf3 Re6 24. Bc3 Rxe2 25. Rxe2 f6 26. Nd2 Kf7 27.
Re3 Bc6 28. Ne4 f5 29. Nd2 Bf8 30. Rxe8 Kxe8 31. Bf6 g4 32. hxg4 fxg4 33. g3
Bh6 34. Nc4 Bd5 35. b3 Kd7 36. Kf1 Be4 37. Ne3 Ke6 38. Bb2 1/2-1/2

[Event "FIDE Open World Blitz 2021"]
[Site "Warsaw"]
[Date "2021.12.29"]
[Round "1.9"]
[White "Nasuta, Grzegorz"]
[Black "Michalik, Peter"]
[Result "1/2-1/2"]
[WhiteElo "2377"]
[BlackElo "2605"]
[Annotator "ChessBase"]
[PlyCount "105"]
[EventDate "2021.12.29"]
[EventType "swiss"]
[EventCountry "POL"]
[Tiebreak "Cut1 Buchholz"]
[SourceTitle "playchess.com"]
[Source "ChessBase"]
[SourceQuality "1"]

1. e4 e5 2. Nf3 Nc6 3. Bc4 Bc5 4. O-O Nf6 5. d3 O-O 6. h3 h6 7. c3 d5 8. exd5
Nxd5 9. Re1 Nb6 10. Bb3 Re8 11. d4 exd4 12. Rxe8+ Qxe8 13. cxd4 Bd6 14. Nc3 Bf5
15. Nb5 Be4 16. Nxd6 cxd6 17. Be3 Nd5 18. Nd2 Nxe3 19. fxe3 Qe7 20. Nxe4 Qxe4
21. Qf3 Qxf3 22. gxf3 Kf8 23. Rc1 Rc8 24. Bd5 Re8 25. Kf2 Nb4 26. Bc4 Rc8 27.
Rc3 b5 28. Bb3 Rxc3 29. bxc3 Nc6 30. Bd5 Nb8 31. Ke2 Ke7 32. Kd3 g5 33. Ke4 Kf6
34. a3 a6 35. Bb7 Ke6 36. Bc8+ Ke7 37. Kf5 Kd8 38. Bb7 Ke7 39. Kg4 Kf6 40. Bc8
Kg6 41. f4 h5+ 42. Kf3 f5 43. fxg5 Kxg5 44. Kg3 h4+ 45. Kf3 a5 46. Bb7 Kf6 47.
Kf4 Nd7 48. Bc6 Nb6 49. Bxb5 Nd5+ 50. Kf3 Nxc3 51. Bd3 Nd5 52. Bc4 Ne7 53. Bd3
1/2-1/2

[Event "FIDE Open World Blitz 2021"]
[Site "Warsaw"]
[Date "2021.12.29"]
[Round "1.10"]
[White "Erigaisi Arjun"]
[Black "Czarnota, Pawel"]
[Result "1/2-1/2"]
[WhiteElo "2627"]
[BlackElo "2502"]
[Annotator "ChessBase"]
[PlyCount "280"]
[EventDate "2021.12.29"]
[EventType "swiss"]
[EventCountry "POL"]
[Tiebreak "Cut1 Buchholz"]
[SourceTitle "playchess.com"]
[Source "ChessBase"]
[SourceQuality "1"]

1. d4 Nf6 2. c4 g6 3. Nc3 Bg7 4. e4 d6 5. h3 O-O 6. Be3 c5 7. d5 e6 8. Bd3 exd5
9. exd5 Na6 10. Nf3 Bd7 11. O-O Re8 12. Qd2 Nc7 13. Bf4 Qe7 14. a3 b5 15. Rae1
Qf8 16. b3 bxc4 17. bxc4 Rab8 18. Rxe8 Nfxe8 19. Ne4 Rb3 20. a4 Bxa4 21. Qa2
Rxd3 22. Qxa4 Qe7 23. Re1 Qd8 24. Qxa7 Rb3 25. Bg5 Qb8 26. Qa2 h6 27. Be7 Rb6
28. Qd2 f5 29. Ng3 Rb1 30. Kh2 Rxe1 31. Qxe1 Qb3 32. Qe2 Qc3 33. Nh4 Kf7 34. f4
Qb2 35. Qe3 Qd4 36. Qxd4 cxd4 37. Bd8 d3 38. Nf3 Bc3 39. Nf1 Na6 40. Bb6 Nf6
41. Ne3 Ne4 42. g4 d2 43. Nd1 Bf6 44. gxf5 gxf5 45. Kg2 Nb4 46. Kf1 Nc2 47. Ke2
Na3 48. Kd3 Ke7 49. Be3 Kd7 50. Bxd2 Nc5+ 51. Ke2 Nxc4 52. Bb4 Ne4 53. Ne3 Nxe3
54. Kxe3 Ke7 55. Be1 Kd7 56. Kd3 Nc5+ 57. Kc4 Ne4 58. h4 Ke7 59. h5 Kd7 60. Kb5
Bh8 61. Nh4 Nf6 62. Bc3 Nxd5 63. Bxh8 Nxf4 64. Nxf5 Nxh5 65. Nxh6 Nf4 66. Nf5
Nd5 67. Kc4 Ne7 68. Ne3 Nc6 69. Bf6 Ne7 70. Bh4 Nc6 71. Kd5 Ne7+ 72. Ke4 Nc6
73. Kf5 Ne7+ 74. Ke4 Nc6 75. Nd5 Ke6 76. Bg5 Ne5 77. Nf4+ Kd7 78. Kd5 Nc6 79.
Ng6 Nb4+ 80. Kc4 Nc6 81. Nf8+ Ke8 82. Ne6 Kd7 83. Ng7 Ne7 84. Bf4 Ng6 85. Bh2
Ne7 86. Bg3 Kc6 87. Ne8 d5+ 88. Kd3 Nf5 89. Bf4 Kd7 90. Nf6+ Ke6 91. Nh5 Kd7
92. Be5 Ke6 93. Bb2 Kd6 94. Nf4 Kc5 95. Ba3+ Kc6 96. Bf8 Nd6 97. Kd4 Nb5+ 98.
Ke5 Nc7 99. Ba3 Nb5 100. Bb4 Nc7 101. Ba5 Nb5 102. Nxd5 Kc5 103. Bb4+ Kc4 104.
Bf8 Nc3 105. Nf4 Nb5 106. Ke4 Nc3+ 107. Kf3 Nd5 108. Ng2 Kd3 109. Bg7 Ne7 110.
Nf4+ Kc4 111. Ke4 Nc6 112. Nd5 Nb4 113. Ne3+ Kb5 114. Bf8 Nc6 115. Bd6 Nb4 116.
Ng4 Nc6 117. Kd5 Nb4+ 118. Kd4 Nc6+ 119. Kc3 Nd8 120. Ne5 Ne6 121. Kd3 Nc5+
122. Kd4 Nb7 123. Be7 Na5 124. Kd5 Nb7 125. Nc4 Na5 126. Nd6+ Kb4 127. Bh4 Kb3
128. Be1 Ka4 129. Ne4 Kb5 130. Bd2 Kb6 131. Be3+ Kb7 132. Nc5+ Kc7 133. Bd2 Nb7
134. Na4 Kd7 135. Bf4 Nd8 136. Bg5 Nb7 137. Nb6+ Kc7 138. Nd7 Kxd7 139. Bf6 Kc7
140. Be5+ Kd7 1/2-1/2